[Event "Zuerich Kupper Memorial"]
[Site "Zuerich"]
[Date "2019.08.14"]
[Round "1"]
[White "Szakolczai, Peter"]
[Black "Svane, Rasmus"]
[Result "0-1"]
[WhiteElo "2163"]
[BlackElo "2610"]
[PlyCount "86"]
[EventDate "2019.08.14"]
[EventType "swiss"]
[EventRounds "7"]
[EventCountry "SUI"]
[SourceTitle "CBM 191 Extra"]
[Source "ChessBase"]
[SourceDate "2019.09.30"]
[SourceVersion "1"]
[SourceVersionDate "2019.09.30"]
[SourceQuality "1"]

1. e4 c6 2. Nf3 d5 3. exd5 cxd5 4. Ne5 a6 5. d4 Nc6 6. c3 Bf5 7. g4 Be4 8. f3 Bxb1 9. Rxb1 Nxe5 10. dxe5 e6 11. Be3 Rc8 12. Bd3 Bc5 13. Bxc5 Rxc5 14. Qa4+ Qd7 15. Qd4 Rc8 16. 0-0 h5 17. Rf2 Ne7 18. Re1 Nc6 19. Qf4 Qe7 20. Rg2 hxg4 21. fxg4 Rh3 22. Bf1 g5 23. Qf2 Kd7 24. Qb6 Rc7 25. Rf2 Rh4 26. h3 Kc8 27. b4 d4 28. b5 axb5 29. cxd4 Rh8 30. Rc1 Qa3 31. Rcc2 Qg3+ 32. Bg2 Rxh3 33. d5 exd5 34. e6 f6 35. Qc5 Rh8 36. Qxd5 Qh2+ 37. Kf1 Rd8 38. e7 Rxd5 39. e8Q+ Rd8 40. Qe6+ Kb8 41. Bxc6 Qh3+ 42. Ke1 bxc6 43. Qe4 Rcd7 0-1

[Event "HUN-ch rapid"]
[Site "Ajka"]
[Date "2018.07.20"]
[Round "5"]
[White "Szakolczai, Peter"]
[Black "Jakab, Attila"]
[Result "0-1"]
[WhiteElo "2126"]
[BlackElo "2368"]
[PlyCount "64"]
[EventDate "2018.07.20"]
[EventType "swiss (rapid)"]
[EventRounds "13"]
[EventCountry "HUN"]
[SourceTitle "CBM 185 Extra"]
[Source "ChessBase"]
[SourceDate "2018.07.29"]
[SourceVersion "1"]
[SourceVersionDate "2018.07.29"]
[SourceQuality "1"]

1. c4 e6 2. e4 d5 3. exd5 exd5 4. cxd5 Nf6 5. Nc3 Nxd5 6. Bc4 Nxc3 7. bxc3 Be7 8. Nf3 0-0 9. 0-0 Nc6 10. d4 Na5 11. Bd3 Be6 12. Re1 Re8 13. Ne5 Bf6 14. Qh5 g6 15. Nxg6 hxg6 16. Qxa5 b6 17. Qa3 c5 18. Be3 cxd4 19. cxd4 Bxd4 20. Bb5 Bxa1 21. Bxe8 Bf6 22. Bc6 Rc8 23. Bf3 Qe7 24. Qxe7 Bxe7 25. Bd4 Bxa2 26. g3 Be6 27. h4 Bc5 28. Bf6 Rc7 29. h5 gxh5 30. Bxh5 Rd7 31. Bf3 Rd2 32. Rf1 Bc4 0-1

[Event "Niederoesterreich Landesliga 1011"]
[Site "Austria"]
[Date "2010.10.24"]
[Round "4.2"]
[White "Sandhoefner, Florian"]
[Black "Szakolczai, Peter"]
[Result "1/2-1/2"]
[WhiteElo "2185"]
[BlackElo "2249"]
[PlyCount "26"]
[EventDate "2010.09.12"]
[EventType "team-tourn"]
[EventRounds "13"]
[EventCountry "AUT"]
[SourceTitle "EXT 2022"]
[Source "ChessBase"]
[SourceDate "2021.10.06"]
[SourceVersion "1"]
[SourceVersionDate "2021.10.06"]
[SourceQuality "1"]

1. e4 c5 2. Nf3 e6 3. d4 cxd4 4. Nxd4 a6 5. Bd3 Nf6 6. Nc3 Qc7 7. Nb3 b6 8. Qe2 d6 9. f4 Nbd7 10. Be3 Be7 11. 0-0-0 0-0 12. Rhe1 Bb7 13. Kb1 Rfc8 1/2-1/2

[Event "AUT-chT2W 1011"]
[Site "Austria"]
[Date "2010.10.16"]
[Round "2.3"]
[White "Szakolczai, Peter"]
[Black "Schmidlechner, Alexander"]
[Result "1/2-1/2"]
[WhiteElo "2296"]
[BlackElo "2170"]
[PlyCount "120"]
[EventDate "2010.10.15"]
[EventType "team-tourn"]
[EventRounds "11"]
[EventCountry "AUT"]
[SourceTitle "EXT 2011"]
[Source "ChessBase"]
[SourceDate "2010.11.26"]
[SourceVersion "1"]
[SourceVersionDate "2010.11.26"]
[SourceQuality "1"]
[WhiteTeam "Dornbirn"]
[BlackTeam "Goetzis"]
[WhiteTeamCountry "AUT"]
[BlackTeamCountry "AUT"]

1. e4 c5 2. Nf3 a6 3. d4 cxd4 4. c3 d3 5. Bxd3 d6 6. c4 Nc6 7. h3 g6 8. 0-0 Bg7 9. Nc3 Nf6 10. Qe2 0-0 11. Be3 Be6 12. Rac1 Rc8 13. Ng5 Bd7 14. f4 Na5 15. b4 Nc6 16. a3 e5 17. f5 Nh5 18. Qg4 Nf4 19. Bb1 h6 20. Nf3 Kh7 21. Bxf4 exf4 22. e5 Nxe5 23. Nxe5 Bxe5 24. fxg6+ Kg7 25. Qh5 Qg5 26. Qxg5 hxg5 27. Nd5 Be6 28. gxf7 Rxf7 29. Be4 g4 30. Kf2 Rh8 31. hxg4 Bxg4 32. Bf3 Bf5 33. Rfd1 Bb2 34. Nxf4 Bxc1 35. Rxc1 Bg4 36. Bxg4 Rxf4+ 37. Bf3 b6 38. Rd1 Rf6 39. Rd5 Rc8 40. Rd4 Rc7 41. Ke2 Re7+ 42. Kd2 Re5 43. Rg4+ Rg6 44. Rd4 Rge6 45. Rg4+ Kf6 46. Rf4+ Ke7 47. Rh4 Kd8 48. Rh8+ Re8 49. Rh7 R5e7 50. Rh6 Kc7 51. a4 Rf8 52. c5 bxc5 53. bxc5 Rd8 54. Kc2 a5 55. cxd6+ Rxd6 56. Rh5 Kb6 57. Rb5+ Ka6 58. Rc5 Kb6 59. Rb5+ Ka6 60. Rc5 Kb6 1/2-1/2

[Event "AUT-chT2W 0910"]
[Site "Austria"]
[Date "2009.10.24"]
[Round "2.2"]
[White "Szakolczai, Peter"]
[Black "Poettinger, Harald"]
[Result "1/2-1/2"]
[WhiteElo "2275"]
[BlackElo "2196"]
[PlyCount "68"]
[EventDate "2009.10.23"]
[EventType "team-tourn"]
[EventRounds "11"]
[EventCountry "AUT"]
[SourceTitle "CBM 133 Extra"]
[Source "ChessBase"]
[SourceDate "2010.01.05"]
[SourceVersion "1"]
[SourceVersionDate "2010.01.05"]
[SourceQuality "1"]
[WhiteTeam "Dornbirn"]
[BlackTeam "Bregenz"]
[WhiteTeamCountry "AUT"]
[BlackTeamCountry "AUT"]

1. c4 e5 2. g3 d6 3. Bg2 f5 4. Nc3 Nf6 5. d4 Be7 6. Nh3 0-0 7. 0-0 Qe8 8. dxe5 dxe5 9. Nd5 Bd8 10. Bg5 Nbd7 11. Rc1 c6 12. Nc3 h6 13. Bd2 e4 14. Bf4 Ne5 15. Bxe5 Qxe5 16. Nf4 Kh7 17. e3 Be7 18. Qc2 g5 19. Nfe2 Be6 20. b3 c5 21. Rcd1 Rad8 22. h3 h5 23. Kh1 Kh6 24. Ng1 b6 25. Nce2 a6 26. f4 exf3 27. Nxf3 Qxe3 28. Rde1 Ne4 29. Kh2 Qd3 30. Qc1 Kg7 31. Ne5 Qd2 32. Nc6 Qxc1 33. Nxc1 Rde8 34. Nxe7 Rxe7 1/2-1/2

[Event "AUT-chT2W 0910"]
[Site "Austria"]
[Date "2009.10.23"]
[Round "1.2"]
[White "Novkovic, Milan"]
[Black "Szakolczai, Peter"]
[Result "1-0"]
[WhiteElo "2393"]
[BlackElo "2275"]
[PlyCount "111"]
[EventDate "2009.10.23"]
[EventType "team-tourn"]
[EventRounds "11"]
[EventCountry "AUT"]
[SourceTitle "CBM 133 Extra"]
[Source "ChessBase"]
[SourceDate "2010.01.05"]
[SourceVersion "1"]
[SourceVersionDate "2010.01.05"]
[SourceQuality "1"]
[WhiteTeam "Hohenems II"]
[BlackTeam "Dornbirn"]
[WhiteTeamCountry "AUT"]
[BlackTeamCountry "AUT"]

1. c4 Nf6 2. Nc3 c5 3. Nf3 e6 4. d4 cxd4 5. Nxd4 a6 6. a3 Qc7 7. e4 b6 8. Be3 Bb7 9. f3 d6 10. Rc1 Nbd7 11. Be2 Be7 12. 0-0 0-0 13. b4 Rac8 14. Na4 Qb8 15. Kh1 Rfe8 16. Qb3 Bd8 17. Bg1 Nh5 18. Rfd1 Nf4 19. Bf1 h5 20. Ne2 Ng6 21. Rc2 Nge5 22. Nd4 Qa8 23. Rdc1 Bg5 24. Be3 Be7 25. Be2 h4 26. h3 g6 27. Bf1 Rc7 28. f4 Nc6 29. Nf3 Qa7 30. Bf2 Ba8 31. Qe3 Rb8 32. Bxh4 Bxh4 33. Nxh4 Nf6 34. Nc3 Ne7 35. Nf3 Kg7 36. Ng5 Qb7 37. Qd4 Nc6 38. Qf2 Rh8 39. Rd2 Rd7 40. Kg1 Qb8 41. Rcd1 Rhd8 42. Qe3 Qc7 43. Na4 Rb8 44. c5 bxc5 45. bxc5 dxc5 46. Nxc5 Rxd2 47. Rxd2 Qa5 48. Rd1 Rb2 49. Rc1 Ra2 50. a4 Qb4 51. Bxa6 Qb2 52. Bf1 Ra3 53. Rc2 Qa1 54. Qd2 Nh5 55. Ncxe6+ Kg8 56. Qd6 1-0

[Event "HUN-chT2 Breyer 0809"]
[Site "Hungary"]
[Date "2008.11.02"]
[Round "2"]
[White "Horvath, Csaba1111"]
[Black "Szakolczai, Peter"]
[Result "0-1"]
[WhiteElo "1810"]
[BlackElo "2263"]
[PlyCount "60"]
[EventDate "2008.10.26"]
[EventType "team-tourn"]
[EventRounds "11"]
[EventCountry "HUN"]
[SourceTitle "EXT 2010"]
[Source "ChessBase"]
[SourceDate "2010.11.25"]
[SourceVersion "1"]
[SourceVersionDate "2010.11.25"]
[SourceQuality "1"]
[WhiteTeam "Geniusz Tata"]
[BlackTeam "Dunaharaszti II"]
[WhiteTeamCountry "HUN"]
[BlackTeamCountry "HUN"]

1. e4 c5 2. b3 Nc6 3. Bb2 e6 4. Nf3 d6 5. Bb5 Bd7 6. d4 cxd4 7. Bxc6 Bxc6 8. Qxd4 Nf6 9. Nc3 Be7 10. 0-0 0-0 11. Rad1 Qa5 12. b4 Qh5 13. a4 b6 14. Rfe1 Qg6 15. b5 Bb7 16. Ba3 Rac8 17. Rd3 Rfd8 18. Qe3 h6 19. h3 Bf8 20. Nd2 Rd7 21. Qd4 Nh5 22. Qe3 e5 23. Qf3 Nf4 24. Rde3 Rdc7 25. Bb2 f5 26. Qg3 Qf7 27. f3 d5 28. exd5 Bc5 29. Nd1 Nxd5 30. Bxe5 f4 0-1

[Event "AUT-chT2W 0809"]
[Site "Austria"]
[Date "2008.10.19"]
[Round "3.2"]
[White "Schmidlechner, Alexander"]
[Black "Szakolczai, Peter"]
[Result "0-1"]
[WhiteElo "2210"]
[BlackElo "2251"]
[PlyCount "94"]
[EventDate "2008.10.17"]
[EventType "team-tourn"]
[EventRounds "11"]
[EventCountry "AUT"]
[SourceTitle "EXT 2010"]
[Source "ChessBase"]
[SourceDate "2010.11.25"]
[SourceVersion "1"]
[SourceVersionDate "2010.11.25"]
[SourceQuality "1"]
[WhiteTeam "Goetzis"]
[BlackTeam "Dornbirn"]
[WhiteTeamCountry "AUT"]
[BlackTeamCountry "AUT"]

1. d4 Nf6 2. c4 e6 3. Nf3 d5 4. Nc3 Be7 5. Bg5 0-0 6. e3 h6 7. Bh4 b6 8. Qc2 Ba6 9. Ne5 c6 10. Be2 Qc8 11. 0-0 Qb7 12. Rfd1 Rd8 13. Rab1 dxc4 14. Nxc4 Nbd7 15. b4 Rac8 16. a4 Bxc4 17. Bxc4 a6 18. Bd3 Qa7 19. Ne4 a5 20. bxa5 Qxa5 21. Nxf6+ Bxf6 22. Bg3 c5 23. dxc5 Rxc5 24. Qb3 Rd5 25. Be2 Nc5 26. Rxd5 Rxd5 27. Qxb6 Rd1+ 28. Rxd1 Qxb6 29. Bb5 Qa5 30. h3 Nxa4 31. Bxa4 Qxa4 32. Rc1 g6 33. Bf4 Kg7 34. g4 Qe4 35. Kh2 Qd5 36. Bg3 h5 37. gxh5 Qxh5 38. Rc4 Qd5 39. Rg4 Be5 40. e4 Bxg3+ 41. Kxg3 Qd3+ 42. Kg2 Qe2 43. Rf4 g5 44. Rg4 Kh6 45. Kg3 f5 46. exf5 exf5 47. Rb4 Qf1 0-1

[Event "AUT-chT2W 0809"]
[Site "Austria"]
[Date "2008.10.18"]
[Round "2.2"]
[White "Szakolczai, Peter"]
[Black "Poettinger, Harald"]
[Result "1-0"]
[WhiteElo "2251"]
[BlackElo "2207"]
[PlyCount "59"]
[EventDate "2008.10.17"]
[EventType "team-tourn"]
[EventRounds "11"]
[EventCountry "AUT"]
[SourceTitle "EXT 2010"]
[Source "ChessBase"]
[SourceDate "2010.11.25"]
[SourceVersion "1"]
[SourceVersionDate "2010.11.25"]
[SourceQuality "1"]
[WhiteTeam "Dornbirn"]
[BlackTeam "Bregenz"]
[WhiteTeamCountry "AUT"]
[BlackTeamCountry "AUT"]

1. e4 e6 2. d4 d5 3. Bd3 c5 4. c3 dxe4 5. Bxe4 Nf6 6. Bf3 Nc6 7. Ne2 e5 8. Bxc6+ bxc6 9. 0-0 cxd4 10. cxd4 Bd6 11. dxe5 Bxe5 12. Qxd8+ Kxd8 13. Nbc3 Rb8 14. Rd1+ Kc7 15. f4 Bd6 16. h3 Re8 17. g4 Ba6 18. Ng3 Bb4 19. f5 Bxc3 20. bxc3 Nd5 21. Rd4 Rbd8 22. Rb1 c5 23. Ra4 Rd6 24. Bd2 c4 25. Ra5 Kd7 26. Kf2 Nc7 27. Bf4 Rb6 28. Rd1+ Kc6 29. Rd6+ Kb7 30. Rd7 1-0

[Event "Balatonalmadi Pannonia Cup 12th"]
[Site "Balatonalmadi"]
[Date "2007.08.03"]
[Round "4"]
[White "Kovacs, David"]
[Black "Szakolczai, Peter"]
[Result "0-1"]
[WhiteElo "2071"]
[BlackElo "2284"]
[PlyCount "38"]
[EventDate "2007.08.01"]
[EventType "swiss"]
[EventRounds "7"]
[EventCountry "HUN"]
[SourceTitle "EXT 2016"]
[Source "ChessBase"]
[SourceDate "2015.10.08"]
[SourceVersion "1"]
[SourceVersionDate "2015.10.08"]
[SourceQuality "1"]

1. e4 c5 2. Nf3 e6 3. d4 cxd4 4. Nxd4 a6 5. Bd3 Qb6 6. Nb3 Qc7 7. 0-0 d6 8. Nc3 Nf6 9. f4 Nbd7 10. Qf3 b6 11. Qg3 Bb7 12. Bd2 h5 13. Rae1 h4 14. Qh3 0-0-0 15. a4 Be7 16. a5 b5 17. Kh1 Nh5 18. Nd5 exd5 19. exd5 Bf6 0-1

[Event "Lodi op 3rd"]
[Site "Lodi"]
[Date "2007.06.10"]
[Round "5"]
[White "Szakolczai, Peter"]
[Black "Rombaldoni, Denis"]
[Result "0-1"]
[WhiteElo "2287"]
[BlackElo "2368"]
[PlyCount "68"]
[EventDate "2007.06.08"]
[EventType "swiss"]
[EventRounds "5"]
[EventCountry "ITA"]
[SourceTitle "EXT 2010"]
[Source "ChessBase"]
[SourceDate "2010.11.25"]
[SourceVersion "1"]
[SourceVersionDate "2010.11.25"]
[SourceQuality "1"]

1. e4 c6 2. Nf3 d5 3. exd5 cxd5 4. Ne5 Nf6 5. d4 g6 6. Bd3 Nc6 7. c3 Bg7 8. f4 Nxe5 9. fxe5 Ng4 10. 0-0 0-0 11. h3 Nh6 12. Bxh6 Bxh6 13. Qe2 f5 14. Nd2 Be6 15. Nb3 Rc8 16. Nc5 Rxc5 17. dxc5 Qc7 18. Qf2 Rc8 19. Rae1 Qxc5 20. Kh1 Qxf2 21. Rxf2 Bg5 22. Rc2 h5 23. b3 h4 24. c4 d4 25. b4 Kf7 26. b5 Rc5 27. a4 Be3 28. a5 Bc8 29. Be2 Ke6 30. a6 b6 31. Rd1 Kxe5 32. Bf3 f4 33. Be2 Bf5 34. Bd3 Kf6 0-1

[Event "Lodi op 3rd"]
[Site "Lodi"]
[Date "2007.06.09"]
[Round "3"]
[White "Szakolczai, Peter"]
[Black "Pomaro, Alberto"]
[Result "1-0"]
[WhiteElo "2287"]
[BlackElo "2128"]
[PlyCount "61"]
[EventDate "2007.06.08"]
[EventType "swiss"]
[EventRounds "5"]
[EventCountry "ITA"]
[SourceTitle "EXT 2010"]
[Source "ChessBase"]
[SourceDate "2010.11.25"]
[SourceVersion "1"]
[SourceVersionDate "2010.11.25"]
[SourceQuality "1"]

1. e4 c6 2. Nf3 d5 3. exd5 cxd5 4. Ne5 Nf6 5. d4 e6 6. Bd3 Be7 7. c3 Nc6 8. f4 Qc7 9. 0-0 0-0 10. Nd2 Nd7 11. Ndf3 f6 12. Nxc6 bxc6 13. Qe2 e5 14. fxe5 fxe5 15. dxe5 Rxf3 16. Qxf3 Nxe5 17. Qg3 Bd7 18. Kh1 Bd6 19. Bf4 Rf8 20. Bc2 Bf5 21. Bxf5 Rxf5 22. Bxe5 Rxe5 23. Qh3 g6 24. Rae1 Rh5 25. Qe6+ Kg7 26. h3 Rg5 27. Qf6+ Kh6 28. Re6 Be5 29. Qe7 c5 30. Rf7 Qxe7 31. Rexe7 1-0

[Event "HUN-chT 0607"]
[Site "Hungary"]
[Date "2007.03.25"]
[Round "7"]
[White "Videki, Sandor"]
[Black "Szakolczai, Peter"]
[Result "1/2-1/2"]
[WhiteElo "2422"]
[BlackElo "2287"]
[PlyCount "192"]
[EventDate "2006.11.12"]
[EventType "team"]
[EventRounds "11"]
[EventCountry "HUN"]
[SourceTitle "EXT 2008"]
[Source "ChessBase"]
[SourceDate "2007.11.25"]
[SourceVersion "1"]
[SourceVersionDate "2007.11.25"]
[SourceQuality "1"]
[WhiteTeam "Paks"]
[BlackTeam "Edeleny"]
[WhiteTeamCountry "HUN"]
[BlackTeamCountry "HUN"]

1. e4 c5 2. Nf3 e6 3. d4 cxd4 4. Nxd4 a6 5. c4 Nf6 6. Nc3 Qc7 7. a3 b6 8. Be3 Bb7 9. f3 d6 10. Be2 Nbd7 11. 0-0 Be7 12. a4 0-0 13. a5 bxa5 14. Nb3 Rab8 15. Nxa5 Ba8 16. Qd2 Ne5 17. Rfc1 Rfd8 18. Na4 Rd7 19. Rab1 Qd8 20. b4 Ng6 21. b5 d5 22. Nc6 Bxc6 23. bxc6 Rxb1 24. Rxb1 Rd6 25. cxd5 exd5 26. Bb6 Qe8 27. c7 dxe4 28. Qa5 Rc6 29. Bxa6 Bd6 30. Bb7 Rxc7 31. Bxc7 Bxc7 32. Qxc7 Qxa4 33. Qd8+ Nf8 34. Bxe4 Nxe4 35. fxe4 Qxe4 36. Rf1 Qe3+ 37. Kh1 Qe2 38. Ra1 Qe5 39. Rd1 g6 40. h3 Kg7 41. Rf1 h6 42. Qa8 Nd7 43. Qf3 Nf6 44. Qf2 h5 45. Qf3 Qd4 46. Qb3 Qe5 47. Qc4 Nd5 48. Qc5 Qe4 49. Qf2 Qe6 50. Qd4+ Kh7 51. Rb1 Qf5 52. Re1 Nf6 53. Kg1 Kg7 54. Rf1 Qe6 55. Kh2 Qe7 56. Kg3 Qd6+ 57. Qxd6 Ne4+ 58. Kf4 Nxd6 59. Ke5 Ne8 60. Rf2 Kf8 61. Ra2 Kg7 62. Ra6 f6+ 63. Kd4 g5 64. Ra8 Nd6 65. Kd5 Nf5 66. Ke6 Nd4+ 67. Kd5 Nf5 68. Ra3 h4 69. Rd3 Kg6 70. Ke6 Ng7+ 71. Ke7 Nf5+ 72. Kd7 Ng3 73. Rd6 Ne4 74. Rc6 Kf5 75. Ke7 Kf4 76. Ke6 Kg3 77. Kf5 Nf2 78. Kxf6 Kxg2 79. Kxg5 Nxh3+ 80. Kxh4 Nf4 81. Kg4 Ne2 82. Rf6 Nd4 83. Rf4 Ne2 84. Rf3 Nd4 85. Rd3 Ne2 86. Rd2 Kf2 87. Rd3 Nc1 88. Ra3 Ke2 89. Kf4 Nd3+ 90. Ke4 Nf2+ 91. Kd4 Ng4 92. Rb3 Nf2 93. Rg3 Nd1 94. Rg2+ Kf3 95. Rg1 Nf2 96. Re1 Ng4 1/2-1/2